| 000 | 01157cam a2200337 4500 | ||
|---|---|---|---|
| 001 | ##L135056 | ||
| 008 | 060921n 000 0 eng u | ||
| 020 | _a0863422101 | ||
| 035 | _a(Sirsi) u135056 | ||
| 041 | 0 | _aeng | |
| 050 | 0 | 4 | _a332.41 $2 18 |
| 100 | 1 | _aSimmie, James | |
| 245 | 0 | 4 | _aThe competitive economic performance of London and the core cities |
| 260 |
_aOxford _bOxford Brookes University _c[2006] |
||
| 300 |
_aiii, 83cm. _c30cm. |
||
| 350 | _a12 | ||
| 490 | 0 |
_aWorking Paper _v(196) |
|
| 520 | _aConsiders why, unlike the majority of European cities, the core cities in the UK (with the exception of London) lag behind their regions and the rest of the country in terms of economic performance. Examines the reasons behind this poor performance, and offers recommendations for improving the situation. | ||
| 590 | _aIKA031006 | ||
| 651 | 4 |
_aUnited Kingdom _y |
|
| 690 | _aPROPERTY | ||
| 700 | 1 | _aBlake, Neil | |
| 700 | 1 | _aBrownhill, Sue | |
| 700 | 1 | _aGlasson, John | |
| 700 | 1 | _aHolt, Richard | |
| 700 | 1 | _aMarshall, Tim | |
| 700 | 1 | _aMartin, Ron | |
| 700 | 1 | _aWestwood, Andy | |
| 700 | 1 | _aWood, Peter | |
| 942 | _n0 | ||
| 999 |
_c105894 _d105894 |
||